| 000 | 00476nam a2200121Ia 4500 | ||
|---|---|---|---|
| 008 | 220620s9999||||xx |||||||||||||| ||und|| | ||
| 100 | _aPowell, Morgan | ||
| 245 | 0 |
_aGender, Reading, and Truth in the Twelfth Century _bThe Woman in the Mirror |
|
| 546 | _aEnglish[eng] | ||
| 650 | _aLiteracy||gender||medieval||romance||religious instruction||vernacular literature||fiction | ||
| 856 | _uhttps://library.oapen.org/bitstream/20.500.12657/49791/1/9781641893770.pdf | ||
| 942 | _cEB | ||
| 999 |
_c29401 _d29401 |
||